| 000 | 00862nam a2200265Ia 4500 | ||
|---|---|---|---|
| 001 | 19741 | ||
| 003 | DO-CoUTE | ||
| 005 | 20260204212625.0 | ||
| 008 | 220104s9999 dr 000 0 spa d | ||
| 020 | _a978-950-808-912-0 | ||
| 040 |
_aDO-CoUTE _bspa _cDO-CoUTE |
||
| 041 | 0 | _aspa | |
| 082 | _a372.21 Z12e | ||
| 100 | 1 | _aZabalza Beraza, Miguel A. | |
| 245 | 1 | 0 | _aEducación inicial y territorio: el desafío de unas escuelas infantiles integradas en su entorno / Miguel A. Zabalza Beraza y otros tres |
| 260 | _aSanta Fe, Argentina : Editorial Homo Sapiens | ||
| 300 | _a194 páginas | ||
| 650 | 4 | _aEducación Inicial | |
| 700 | 1 | _aJuanbeltz Martínez, José Ignacio | |
| 700 | 1 | _aJuanbeltz Zurbano, Regina | |
| 700 | 1 | _aZabalza Cerdeiriña, Ainoha | |
| 942 |
_2ddc _cBK |
||
| 999 |
_c21362 _d21362 |
||